Learning Resource and Development

Parking space automatic monitoring system / (Record no. 7572)

MARC details
000 -LEADER
fixed length control field 00916nam a22002417a 4500
005 - DATE AND TIME OF LATEST TRANSACTION
control field 20230512222908.0
008 - FIXED-LENGTH DATA ELEMENTS--GENERAL INFORMATION
fixed length control field 190410t xxu||||| |||| 00| 0 eng d
040 ## - CATALOGING SOURCE
Transcribing agency CSPC
090 ## - LOCALLY ASSIGNED LC-TYPE CALL NUMBER (OCLC); LOCAL CALL NUMBER (RLIN)
Classification number (OCLC) (R) ; Classification number, CALL (RLIN) (NR) UTH BSECE C337p
100 ## - MAIN ENTRY--PERSONAL NAME
Personal name Cervantes, Manuel C., Jr.,
Relator term author.
245 00 - TITLE STATEMENT
Title Parking space automatic monitoring system /
Statement of responsibility, etc. Manuel C. Cervantes, Jr., Lea Mie A. Rodriguez, Rosemarie B. Vilar
260 ## - PUBLICATION, DISTRIBUTION, ETC.
Place of publication, distribution, etc. Nabua, Camarines sur :
Name of publisher, distributor, etc. Camarines sur Polytechnic Colleges ;
Date of publication, distribution, etc. 2009.
300 ## - PHYSICAL DESCRIPTION
Extent 63 leaves
502 ## - DISSERTATION NOTE
Dissertation note Undergraduate Thesis (BSECE) - Electronics Engineering
Name of granting institution Camarines sur Polytechnic Colleges, 2009
720 ## - ADDED ENTRY--UNCONTROLLED NAME
Name Tabal, Keith Marlon R.,
Relator term adviser.
720 ## - ADDED ENTRY--UNCONTROLLED NAME
Name Barandon, Seth B.,
Relator term panelist, chair.
720 ## - ADDED ENTRY--UNCONTROLLED NAME
Name Oares, Christopher T.,
Relator term panelist.
720 ## - ADDED ENTRY--UNCONTROLLED NAME
Name Mata, Audie T.,
Relator term panelist.
720 ## - ADDED ENTRY--UNCONTROLLED NAME
Name Botor, Loyd H.,
Relator term panelist.
940 ## - EQUIVALENCE OR CROSS-REFERENCE--UNIFORM TITLE [OBSOLETE] [CAN/MARC only]
Uniform title <a href="yves">yves</a>
942 ## - ADDED ENTRY ELEMENTS (KOHA)
Koha item type
-- UTH BSECE C337p 2009

No items available.